| 000 | 00848cam a22002653a 4500 | ||
|---|---|---|---|
| 001 | 16891 | ||
| 003 | PGUSA | ||
| 005 | 20140828083347.0 | ||
| 008 | 051017s2005||||xxu|||||s|||||000 | eng d | ||
| 040 |
_aPGUSA _beng |
||
| 042 | _adc | ||
| 050 | 4 | _aPZ | |
| 100 | 1 |
_aGoodrich, Samuel G. _q(Samuel Griswold), _d1793-1860 |
|
| 245 | 1 | 0 |
_aPeter Parley's Tales About America and Australia _h[electronic resource] / _cSamuel G. Goodrich |
| 260 |
_bProject Gutenberg, _c2005 |
||
| 506 | _aPublic domain in the USA. | ||
| 516 | _aElectronic text | ||
| 653 | _aAustralia -- History -- Juvenile literature | ||
| 653 | _aAmerica -- History -- Juvenile literature | ||
| 700 | 1 |
_aWilliams, Samuel, _d1788-1853 |
|
| 700 | 1 |
_aWilson, T., _d1810-1875 |
|
| 830 | 0 |
_aProject Gutenberg _v16891 |
|
| 856 | 4 | 0 | _uhttp://www.gutenberg.org/ebooks/16891 |
| 942 | _cEB | ||
| 999 |
_c246146 _d246146 |
||